00986cam a22002654a 4500999001500000001000600015003000900021005001700030008004100047020001800088020001500106040002800121082001900149100001600168245008000184250001700264260006000281300004800341504005100389650001800440700001600458942001200474952011700486952011700603 c3518d351812263BD-DhUAP20200308125842.0200308t20082000ii a b 001 0 eng  a9780074636312 a0074636316 aDLCcDLCbEngdBD-DhUAP 223a621.47 GAR aGarg, H. P.10aSolar energy :bfundamentals and applications /cH. P. Garg and J. Prakash. a1st rev. ed. aNew Delhi :bTata McGraw Hill,cc2000 [Reprinted 2008]. axviii, 434 pages :billustrations ;c25 cm. aIncludes bibliographical references and index. aSolar energy. aPrakash, J. 2ddccBK 00102ddc4070aUAPCLbUAPCLcGeneral Stacksd2020-03-08o621.47 GARp3010012263r2020-03-08t1w2020-03-08yBK 00102ddc4070aUAPCLbUAPCLcGeneral Stacksd2020-03-08o621.47 GARp3010012262r2020-03-08t2w2020-03-08yBK